An Introduction to Applied Linguistics (Record no. 232823)

MARC details
000 -LEADER
fixed length control field 00478nam a2200181Ia 4500
008 - FIXED-LENGTH DATA ELEMENTS--GENERAL INFORMATION
fixed length control field 240823s9999||||xx |||||||||||||| ||und||
082 ## - DEWEY DECIMAL CLASSIFICATION NUMBER
-- 418 P7
100 ## - MAIN ENTRY--PERSONAL NAME
Personal name Alan Davies
245 #3 - TITLE STATEMENT
Title An Introduction to Applied Linguistics
250 ## - EDITION STATEMENT
Edition statement 2nd
260 ## - PUBLICATION, DISTRIBUTION, ETC. (IMPRINT)
Date of publication, distribution, etc 2007
Name of publisher, distributor, etc Edinburgh University
500 ## - GENERAL NOTE
General note TRANSFERED
650 ## - SUBJECT ADDED ENTRY--TOPICAL TERM
Topical term or geographic name as entry element Audiology Speech and Language Pathology
942 ## - ADDED ENTRY ELEMENTS (KOHA)
Item type Books
Holdings
Withdrawn status Lost status Damaged status Permanent location Current location Shelving location Date acquired Source of acquisition Cost, normal purchase price Full call number Barcode Date last seen Koha item type
      CENTRAL LIBRARY, NOORUL ISLAM CENTRE FOR HIGHER EDUCATION CENTRAL LIBRARY, NOORUL ISLAM CENTRE FOR HIGHER EDUCATION   09/18/2020 Downloading by E Books 168.00 418 P7 80800 08/23/2024 Books
Visitors:
Copyright © 2024 Central Library NICHE.  All rights reserved.